| 000 | 00768nam a2200205 a 4500 | ||
|---|---|---|---|
| 003 | EG-GiCUC | ||
| 008 | 061010s2000 ua a g 000 0 ara d | ||
| 040 |
_aEG-GiCUC _bara _cEG-GiCUC |
||
| 092 | 0 | 4 |
_a004.678 _bA862 _221 |
| 099 |
_a04 _a004.678 A862 |
||
| 100 | 1 | _aابو العطا: مجدى محمد. | |
| 245 | 1 | 0 |
_aتصميم صفحات الانترنت / _cمجدى محمد ابوالعطا. |
| 260 |
_aالقاهرة : _bكمبيو ساينس العربية لعلوم الحاسب : _c[2000] |
||
| 300 |
_a285 ص. : _bإيض. ؛ _c24سم.+ _e2قرص ضوئى مليزر كمبيوتر ({u٠٠آإ}3 بو) |
||
| 650 | 4 |
_aالانترنت _xتصميم. |
|
| 902 | _a2 | ||
| 905 |
_aالهام _eمدخل |
||
| 905 |
_aايمان ع _eمراجع |
||
| 942 |
_2ddc _cBK |
||
| 999 |
_c87073 _d87073 |
||